[Event "SVK-ch U16"]
[Site "Tatralandia"]
[Date "2024.04.07"]
[Round "4"]
[White "Bersihand, Hugo Maria"]
[Black "Szakal, Bartolomej"]
[Result "0-1"]
[WhiteElo "1513"]
[BlackElo "1839"]
[PlyCount "136"]
[EventDate "2024.04.05"]
[EventType "swiss"]
[EventRounds "9"]
[EventCountry "SVK"]
[SourceTitle "CB16_2024"]
[SourceDate "2024.04.17"]
[SourceVersion "1"]
[SourceVersionDate "2024.04.17"]
[SourceQuality "1"]

1. e4 c5 2. Nf3 d6 3. d4 cxd4 4. Nxd4 Nc6 5. Nc3 Nf6 6. Bb5 Bd7 7. Nxc6 Bxc6 8. Bxc6+ bxc6 9. 0-0 g6 10. h3 Bg7 11. Be3 0-0 12. Qd2 Qa5 13. Rfe1 Rab8 14. Rab1 Rb7 15. b4 Qa6 16. Rb3 Rfb8 17. a3 Qc4 18. Qd3 Qxd3 19. cxd3 a5 20. Reb1 Nd7 21. Ne2 a4 22. Rc3 Bxc3 23. Nxc3 Ne5 24. d4 Nc4 25. Bc1 c5 26. dxc5 dxc5 27. Nxa4 cxb4 28. axb4 Rxb4 29. Rxb4 Rxb4 30. Nc5 Rb1 31. Nd3 Nd2 32. Kh2 Nxe4 33. f3 Nc5 34. Nxc5 Rxc1 35. Nd3 Rc2 36. Nb4 Rb2 37. Nc6 e6 38. f4 Kg7 39. Ne5 f6 40. Nf3 Kf7 41. Kg3 Ra2 42. h4 h5 43. Kh3 Ra3 44. Kg3 Ke7 45. Kh2 Rxf3 46. gxf3 Kd6 47. Kg3 Kd5 48. Kf2 Kd4 49. Kg2 Ke3 50. Kg3 f5 51. Kg2 Kxf4 52. Kf2 e5 53. Kg2 e4 54. fxe4 fxe4 55. Kf2 Kg4 56. Ke3 Kxh4 57. Kxe4 Kg3 58. Ke5 h4 59. Ke6 h3 60. Kd6 h2 61. Ke5 h1Q 62. Kf6 Qd5 63. Ke7 Qf5 64. Kd6 Qe4 65. Kc5 Qd3 66. Kb4 Qc2 67. Ka5 Qb1 68. Ka4 Kf4 0-1